[Event "SWE-ch blitz"]
[Site "Helsingborg"]
[Date "2021.11.14"]
[Round "3"]
[White "Khalat, Havras"]
[Black "Wellevit, Tomas"]
[Result "0-1"]
[WhiteElo "1793"]
[BlackElo "2113"]
[PlyCount "148"]
[EventDate "2021.11.14"]
[EventType "swiss (blitz)"]
[EventRounds "13"]
[EventCountry "SWE"]
[SourceTitle "EXT 2024"]
[Source "ChessBase"]
[SourceDate "2023.10.10"]
[SourceVersion "1"]
[SourceVersionDate "2023.10.10"]
[SourceQuality "1"]

1. d4 d5 2. c4 e5 3. dxe5 d4 4. e3 Bb4+ 5. Bd2 dxe3 6. Qa4+ Bd7 7. Qxb4 exd2+ 8. Qxd2 Qe7 9. Nf3 Nc6 10. Be2 0-0-0 11. 0-0 Nh6 12. Nc3 Nxe5 13. Nxe5 Qxe5 14. Rfe1 Be6 15. Qc2 Qg5 16. Rad1 Nf5 17. Ne4 Qg6 18. Qb3 Nd4 19. Qe3 Nc6 20. Ng3 h5 21. h4 Qf6 22. Qg5 Qxb2 23. Rb1 Qa3 24. Bf3 Qa4 25. c5 f6 26. Qe3 Rhe8 27. Qc3 Bg4 28. Bxg4+ Qxg4 29. Rxe8 Rxe8 30. Qd3 Qxh4 31. Rd1 Kb8 32. Qd7 Rc8 33. Nf5 Qg4 34. Ne7 Qxd7 35. Rxd7 Nxe7 36. Rxe7 Rg8 37. f4 a6 38. Kf2 g5 39. fxg5 fxg5 40. Re5 Rg6 41. Re8+ Ka7 42. Re7 c6 43. a4 a5 44. Ke3 Ka6 45. Ke4 b6 46. cxb6 Kxb6 47. Kf5 Rg8 48. Rh7 h4 49. Re7 Kc5 50. Re5+ Kb4 51. Re4+ Ka3 52. Rc4 g4 53. Rxc6 h3 54. gxh3 g3 55. Rc1 g2 56. Rg1 Kxa4 57. h4 Kb3 58. h5 a4 59. h6 a3 60. h7 Rh8 61. Rxg2 Rxh7 62. Rg3+ Ka4 63. Rg4+ Ka5 64. Rg2 Rb7 65. Ke4 Rb2 66. Rg5+ Kb4 67. Rg8 a2 68. Rb8+ Kc3 69. Rc8+ Kd2 70. Rd8+ Ke2 71. Ra8 Kd2 72. Rd8+ Kc1 73. Rc8+ Kb1 74. Kd3 a1Q 0-1

[Event "Vaxjo op"]
[Site "Vaxjo"]
[Date "2017.02.10"]
[Round "1"]
[White "Bellon Lopez, Juan Manuel"]
[Black "Khalat, Havras"]
[Result "1-0"]
[WhiteElo "2345"]
[BlackElo "1841"]
[PlyCount "89"]
[EventDate "2017.02.10"]
[EventType "swiss"]
[EventRounds "8"]
[EventCountry "SWE"]
[SourceTitle "CBM 176 Extra"]
[Source "ChessBase"]
[SourceDate "2017.03.02"]
[SourceVersion "1"]
[SourceVersionDate "2017.03.02"]
[SourceQuality "1"]

1. d4 Nf6 2. Bg5 e6 3. e4 Be7 4. Nd2 0-0 5. c3 h6 6. h4 c5 7. dxc5 a5 8. Be3 Na6 9. Bxa6 Rxa6 10. g4 Nh7 11. g5 e5 12. gxh6 gxh6 13. Bxh6 Rxh6 14. Ngf3 f6 15. Qb3+ Kh8 16. Qc4 Qc7 17. b4 axb4 18. cxb4 b6 19. a4 bxc5 20. b5 Qa5 21. Ke2 Bb7 22. Nb3 Qb4 23. Qxb4 cxb4 24. Nfd2 Rc8 25. a5 Bc5 26. a6 Ba8 27. Rhc1 d6 28. b6 Rb8 29. Nxc5 dxc5 30. Rxc5 Rg6 31. Rb5 Nf8 32. b7 Nd7 33. Nc4 b3 34. Rd1 Rg7 35. Na5 Bxb7 36. axb7 Nf8 37. Rxb3 Ne6 38. Ke3 Nd4 39. Rb6 Nc2+ 40. Kd2 Nd4 41. Rc1 Rgg8 42. Rc7 Rgd8 43. Ke3 Kg8 44. Rxf6 Nb5 45. Rg6+ 1-0